000 00212nam a22000857a 4500
008 170119b xxu||||| |||| 00| 0 eng d
100 _92508
_aBhatia.R.
245 _a Social Science-9
260 _aNew Delhi
_bSrijan
_c2010
999 _c5580
_d5580